[Event "Let's Play Chess!"]
[Site "http://www.queenalice.com/game.php?id=810241"]
[Date "2010.7.29"]
[Round "-"]
[White "BGNJoe"]
[Black "elche"]
[Result "1-0"]
[WhiteElo "1795"]
[BlackElo "1859"]

1. e4 c5 2. c3 Nc6 3. d4 cxd4 4. cxd4 e6 5. Nf3 Bb4+ 6. Nc3 Bxc3+ 7. bxc3 d6 8.
Rb1 Nf6 9. Bd3 O-O 10. Ba3 Re8 11. O-O a6 12. e5 dxe5 13. dxe5 Nd7 14. Nd4 Ndxe5
15. Nxc6 bxc6 16. Be4 f5 17. Bc2 Qxd1 18. Rfxd1 a5 19. Ba4 Ra6 20. f4 Nc4 21.
Bc5 e5 22. Rb8 Nb2 23. Bb3+ Kh8 24. Bf7 Nxd1 25. Bxe8 1-0

[Event "Let's Play Chess!"]
[Site "http://www.queenalice.com/game.php?id=810431"]
[Date "2010.7.29"]
[Round "-"]
[White "marcioleijoto"]
[Black "BGNJoe"]
[Result "0-1"]
[WhiteElo "1405"]
[BlackElo "1791"]

1. e4 c5 2. Nf3 d6 3. Be2 Nf6 4. d3 g6 5. Bg5 Bg7 6. h3 O-O 7. Nbd2 Nc6 8. Nc4
b5 9. Ne3 Qa5+ 10. c3 e6 11. O-O Bb7 12. c4 bxc4 13. Nxc4 Qc7 14. d4 Nxe4 15.
Bf4 cxd4 16. Qd3 Nf6 17. Bxd6 Qd7 18. Bxf8 Rxf8 19. Nfe5 Nxe5 20. Nxe5 Qd5 21.
Nf3 e5 22. Ng5 Qxg2# 0-1

[Event "AUTO-ADV-1851"]
[Site "http://www.queenalice.com/game.php?id=811683"]
[Date "2010.8.1"]
[Round "1"]
[White "Marchesss"]
[Black "BGNJoe"]
[Result "0-1"]
[WhiteElo "1894"]
[BlackElo "1865"]

1. e4 c5 2. Nf3 d6 3. d4 cxd4 4. Nxd4 Nf6 5. Nc3 e6 6. Be3 a6 7. Be2 Be7 8. Qd2
b5 9. a3 Bb7 10. f3 O-O 11. O-O-O Nbd7 12. g4 Nb6 13. h4 Nc4 14. Bxc4 bxc4 15.
h5 Rb8 16. g5 Nd7 17. Rdg1 Nc5 18. g6 Bf6 19. f4 Qd7 20. Nf3 Nxe4 21. Nxe4 Bxe4
22. Bd4 fxg6 23. Rh3 e5 24. Rhg3 exd4 25. Nxd4 gxh5 26. f5 d5 27. Ne6 Bxb2+ 28.
Kd1 Rf7 29. Qh6 Kh8 30. Qxh5 Bxf5 31. Ng5 Re7 32. Rf1 Bc3 33. Kc1 Rb1+ 0-1

[Event "AUTO-ADV-1851"]
[Site "http://www.queenalice.com/game.php?id=811684"]
[Date "2010.8.1"]
[Round "1"]
[White "BGNJoe"]
[Black "Marchesss"]
[Result "1-0"]
[WhiteElo "1831"]
[BlackElo "1904"]

1. e4 c5 2. c3 d6 3. d4 cxd4 4. cxd4 d5 5. e5 Bf5 6. Nc3 e6 7. Nf3 Be7 8. Bb5+
Nd7 9. O-O f6 10. Bf4 a6 11. Ba4 b5 12. Bb3 Bb4 13. Nh4 Ne7 14. a3 Ba5 15. Nxf5
Nxf5 16. Bc2 Ne7 17. exf6 Nxf6 18. Qe2 Rc8 19. Qxe6 Bxc3 20. bxc3 Rxc3 21. Rfc1
Rc6 22. Qe2 O-O 23. Bb3 Qd7 24. Be5 Rfc8 25. Rxc6 Rxc6 26. h3 Ne4 27. Qxe4 1-0

[Event "AUTO-ADV-1851"]
[Site "http://www.queenalice.com/game.php?id=811697"]
[Date "2010.8.1"]
[Round "1"]
[White "alecar96pp"]
[Black "BGNJoe"]
[Result "0-1"]
[WhiteElo "1686"]
[BlackElo "1871"]

1. e4 c5 2. c3 d5 3. exd5 Qxd5 4. d4 Nf6 5. Nf3 Bg4 6. Be2 e6 7. O-O Nc6 8. Be3
cxd4 9. Nxd4 Bxe2 10. Qxe2 Be7 11. Rd1 a6 12. Nd2 O-O 13. N2b3 Rfd8 14. Nxc6
Qxc6 15. Na5 Qc7 16. Nc4 b5 17. Nd2 Bd6 18. Nf3 Ng4 19. h3 Bh2+ 20. Kh1 Nxe3 21.
Qxe3 Bf4 22. Qe2 Qc6 23. Nd4 Qc5 24. Nb3 Qb6 25. Qf3 Bg5 26. Nd4 Bf6 27. Nc2
Rxd1+ 28. Rxd1 Rc8 29. Ne3 h6 30. Ng4 Bg5 31. Ne5 Qc7 32. Qe4 f5 33. Qe2 Rd8 34.
Rxd8+ Qxd8 35. Nc6 Qd6 0-1

[Event "AUTO-ADV-1851"]
[Site "http://www.queenalice.com/game.php?id=811698"]
[Date "2010.8.1"]
[Round "1"]
[White "BGNJoe"]
[Black "alecar96pp"]
[Result "1-0"]
[WhiteElo "1880"]
[BlackElo "1677"]

1. e4 e6 2. d4 d5 3. Nd2 dxe4 4. Nxe4 Nf6 5. Nxf6+ Qxf6 6. Nf3 h6 7. Bd3 Bd6 8.
O-O O-O 9. Qe2 Re8 10. h3 Nc6 11. c3 Bd7 12. Bd2 Re7 13. Rfe1 g5 14. Be3 Rae8
15. Qc2 Qg7 16. Bc4 Na5 17. Be2 e5 18. dxe5 Bxe5 19. Nxe5 Qxe5 20. Rad1 Qf5 21.
Qxf5 Bxf5 22. Bb5 Nc6 23. Kf1 a6 24. Be2 Be6 25. Bc5 Rd7 26. Rxd7 Bxd7 27. Rd1
Be6 28. b3 f5 29. Bh5 Rd8 30. Rxd8+ Nxd8 31. Bf3 Kf7 32. c4 Nc6 33. Ba3 f4 34.
Bb2 Kg6 35. Ke2 h5 36. Bxc6 bxc6 37. Be5 1-0

[Event "AUTO-ADV-1851"]
[Site "http://www.queenalice.com/game.php?id=811707"]
[Date "2010.8.1"]
[Round "1"]
[White "BGNJoe"]
[Black "geniolucio"]
[Result "1-0"]
[WhiteElo "1858"]
[BlackElo "1625"]

1. e4 c5 2. c3 a6 3. d4 cxd4 4. cxd4 d6 5. Nf3 Nf6 6. Nc3 g6 7. Bd3 Bg4 8. h3
Bd7 9. O-O Bg7 10. Bf4 O-O 11. e5 dxe5 12. dxe5 Nh5 13. Bh2 Nc6 14. g4 Nf6 15.
exf6 Bxf6 16. Qb3 Be6 17. Qd1 Nb4 18. Be4 Qxd1 19. Rfxd1 Nc6 20. Rab1 Bg7 21.
Nd5 f6 22. a3 Rad8 23. Bc7 Rd7 24. Bb6 Bxd5 25. Bxd5+ Kh8 26. Bxc6 Rxd1+ 27.
Rxd1 bxc6 28. Rd7 Rb8 29. Bc5 Bf8 30. Rc7 Rxb2 31. Nd4 Rb1+ 32. Kg2 Rd1 33. Rxc6
a5 34. Ra6 Kg8 35. Ne6 Kf7 36. Nxf8 Kxf8 37. Rxa5 Rc1 38. Bb4 Kf7 39. Ra7 Re1
40. a4 Re4 41. Bc5 h5 42. a5 hxg4 43. Rxe7+ Rxe7 44. Bxe7 Kxe7 45. a6 gxh3+ 46.
Kxh3 1-0

[Event "AUTO-ADV-1851"]
[Site "http://www.queenalice.com/game.php?id=811708"]
[Date "2010.8.1"]
[Round "1"]
[White "geniolucio"]
[Black "BGNJoe"]
[Result "0-1"]
[WhiteElo "1646"]
[BlackElo "1850"]

1. e4 c5 2. Nf3 d6 3. h3 Nf6 4. d3 Nc6 5. c3 g6 6. Bg5 Bg7 7. Be2 O-O 8. Qd2 e5
9. Qc2 Be6 10. b3 Qc7 11. O-O b5 12. Nbd2 h6 13. Bh4 Nh5 14. Nh2 Nf4 15. Bf3 g5
16. Bg3 b4 17. c4 f5 18. exf5 Bxf5 19. Ne4 Nd4 20. Qd2 a5 21. Qb2 Nxd3 22. Qd2
Nf4 23. Bxf4 exf4 24. Ng4 Kh8 25. Nh2 Nxf3+ 26. gxf3 Bxh3 27. Rad1 Bxf1 28. Nxf1
Rad8 29. Qc2 Rfe8 30. Nh2 Bd4 31. Ng4 Rf8 32. Nef6 Bxf6 33. Nxf6 Rxf6 34. Qd3
Qf7 35. Qe4 Re8 36. Qc6 Qh5 37. Rxd6 Re1+ 38. Kg2 Qh1# 0-1

[Event "Let's Play Chess!"]
[Site "http://www.queenalice.com/game.php?id=817949"]
[Date "2010.8.16"]
[Round "-"]
[White "colatina"]
[Black "BGNJoe"]
[Result "0-1"]
[WhiteElo "1795"]
[BlackElo "1859"]

1. e4 c5 2. Nf3 d6 3. d4 cxd4 4. Nxd4 Nf6 5. Nc3 a6 6. Bg5 e6 7. f4 Be7 8. e5
dxe5 9. fxe5 Nfd7 10. Bxe7 Qxe7 11. Nf3 O-O 12. Qd6 Qd8 13. O-O-O Nc6 14. g3
Ncxe5 15. Nxe5 Qg5+ 16. Kb1 Qxe5 17. Bg2 Qxd6 18. Rxd6 Rb8 19. b4 b5 20. Rhd1
Nf6 21. Ne4 Ne8 22. Rd8 Nc7 23. Rxf8+ Kxf8 24. Nc5 Ke7 25. Bc6 Ne8 26. Nd7 Bxd7
27. Rxd7+ Kf8 28. Ra7 Rb6 29. Bb7 Nc7 30. Bc8 Nd5 31. Bxa6 Nxb4 32. Rb7 Rxa6 33.
Rxb5 Nxa2 34. Rb3 Rc6 35. Kb2 f5 36. c3 Nxc3 37. Rxc3 Rxc3 38. Kxc3 Ke7 39. Kd4
Kd6 40. Ke3 e5 41. Kf3 Kd5 42. Ke2 Ke4 43. Kf2 Kd3 44. h3 Kd2 45. g4 fxg4 46.
hxg4 e4 47. Kf1 e3 48. g5 e2+ 0-1

[Event "Let's Play Chess!"]
[Site "http://www.queenalice.com/game.php?id=818622"]
[Date "2010.8.17"]
[Round "-"]
[White "Xmen"]
[Black "BGNJoe"]
[Result "0-1"]
[WhiteElo "1802"]
[BlackElo "1867"]

1. d4 Nf6 2. c4 e6 3. Nc3 Bb4 4. Bd2 O-O 5. e4 Bxc3 6. bxc3 Nxe4 7. Bd3 Nxd2 8.
Qxd2 b6 9. h4 Bb7 10. Qg5 Qxg5 11. hxg5 g6 12. Rh4 d5 13. f3 Nd7 14. O-O-O c5
15. Ne2 cxd4 16. cxd5 Bxd5 17. Rdh1 Rfc8 18. Rxh7 Kf8 19. Nxd4 Rxc3+ 20. Kd2
Rcc8 21. Bb5 Nc5 22. Ke3 a6 23. Bd3 Bxa2 24. R1h4 Nxd3 25. Kxd3 b5 26. Ke4 Rc5
27. Rh8+ Ke7 28. Rxa8 Bd5+ 29. Ke3 Bxa8 30. Rg4 Bd5 31. Kd2 b4 32. f4 b3 33. f5
b2 34. f6+ Kd7 35. Nxe6 Rb5 36. Nc5+ Kd6 37. Rh4 b1=Q 0-1

[Event "Let's Play Chess!"]
[Site "http://www.queenalice.com/game.php?id=819136"]
[Date "2010.8.17"]
[Round "-"]
[White "elche"]
[Black "BGNJoe"]
[Result "1-0"]
[WhiteElo "1710"]
[BlackElo "1882"]

1. e4 c5 2. Nc3 Nc6 3. Nf3 d6 4. Bb5 Bd7 5. O-O Nf6 6. d3 e6 7. Bg5 Be7 8. Bxc6
Bxc6 9. Re1 O-O 10. e5 Nd7 11. Bxe7 Qxe7 12. d4 d5 13. dxc5 Nxc5 14. Nd4 Bd7 15.
Ncb5 a6 16. Nd6 Rab8 17. Nb3 b6 18. Nxc5 bxc5 19. b3 f6 20. f4 g5 21. g3 Kg7 22.
Qh5 Be8 23. Nxe8+ Rbxe8 24. exf6+ Rxf6 25. Qxg5+ Rg6 26. Qe5+ Kg8 27. Qh5 Qg7
28. Kh1 Re7 29. Qe5 Rf7 30. Qxg7+ Kxg7 31. Re5 Re7 32. Rae1 Kf7 33. c4 1-0

[Event "Let's Play Chess!"]
[Site "http://www.queenalice.com/game.php?id=819698"]
[Date "2010.8.18"]
[Round "-"]
[White "BGNJoe"]
[Black "AFA1961"]
[Result "0-1"]
[WhiteElo "1872"]
[BlackElo "2151"]

1. e4 e6 2. d4 d5 3. Nd2 Nf6 4. e5 Nfd7 5. Bd3 c5 6. c3 Nc6 7. Ne2 Be7 8. O-O
O-O 9. Nf3 c4 10. Bc2 b5 11. b3 Bb7 12. a4 b4 13. Be3 Ba6 14. Nd2 bxc3 15. Nxc3
cxb3 16. Nxb3 Bxf1 17. Kxf1 Rc8 18. Qd3 f5 19. exf6 Nxf6 20. Bd2 Nb4 0-1

[Event "afrodyta"]
[Site "http://www.queenalice.com/game.php?id=821840"]
[Date "2010.8.23"]
[Round "-"]
[White "Eliasz"]
[Black "BGNJoe"]
[Result "1-0"]
[WhiteElo "2063"]
[BlackElo "1880"]

1. e4 c5 2. Nf3 d6 3. d4 cxd4 4. Nxd4 Nf6 5. Nc3 e6 6. Be2 Be7 7. O-O O-O 8. f4
Nc6 9. Be3 a6 10. a4 Qc7 11. Kh1 Re8 12. g4 Nd7 13. g5 Nxd4 14. Bxd4 b6 15. Qd2
Bb7 16. f5 exf5 17. Rxf5 f6 18. Raf1 Ne5 19. Nd5 Bxd5 20. exd5 fxg5 21. Qe3 h6
22. Bxe5 1-0

[Event "QA-ANNIV-06"]
[Site "http://www.queenalice.com/game.php?id=837027"]
[Date "2010.9.23"]
[Round "2"]
[White "Heike67"]
[Black "BGNJoe"]
[Result "1-0"]
[WhiteElo "2396"]
[BlackElo "1888"]

1. e4 c5 2. Nf3 d6 3. d4 cxd4 4. Nxd4 Nf6 5. Nc3 e6 6. Be2 Be7 7. O-O O-O 8. f4
a6 9. Be3 Qc7 10. Kh1 b5 11. a3 Bb7 12. Bd3 Nbd7 13. Qe1 Nc5 14. Bg1 Rac8 15.
Rc1 d5 16. e5 Nfe4 17. Be3 f6 18. Bxe4 dxe4 19. Qg3 1-0